Normal view
MARC view
- Hassaan Bin Younis
Entry Personal Name
001 - CONTROL NUMBER
- control field: 31630
003 - CONTROL NUMBER IDENTIFIER
- control field: NUST
005 - DATE AND TIME OF LATEST TRANSACTION
- control field: 20201016095236.0
008 - FIXED-LENGTH DATA ELEMENTS
- fixed length control field: 201016|| aca||aabn | a|a d
040 ## - CATALOGING SOURCE
- Original cataloging agency: NUST
- Transcribing agency: NUST
100 ## - HEADING--PERSONAL NAME
- Personal name: Hassaan Bin Younis
670 ## - SOURCE DATA FOUND
- Source citation: Work cat.: (NUST): Hassaan Bin Younis, Prediction o Fatigue Crack Growth Rate using Optimized Neural Networks /
